Angier Lei
George Washington B
Categories
History - World History | 0 | 3 | 0 | 2 | 30 | 122 | 133.67 | 1 | 3 |
Chemistry> | 0 | 1 | 0 | 0 | 10 | 121 | 121.00 | 0 | 1 |
World and Other Literature | 0 | 1 | 0 | 0 | 10 | 110 | 110.00 | 0 | 1 |
Science - Chemistry | 0 | 1 | 0 | 0 | 10 | 116 | 116.00 | 0 | 1 |
Social Science | 0 | 1 | 0 | 0 | 10 | 94 | 94.00 | 0 | 1 |
Ancient History and Archaeology | 0 | 1 | 0 | 0 | 10 | 138 | 138.00 | 1 | 1 |
Fine Arts - Visual Fine Arts | 0 | 1 | 0 | 0 | 10 | 122 | 122.00 | 0 | 1 |
History - European History | 0 | 1 | 0 | 0 | 10 | 101 | 101.00 | 0 | 1 |
Other Arts: Visual | 0 | 1 | 0 | 0 | 10 | 107 | 107.00 | 1 | 1 |
Beliefs | 0 | 1 | 1 | 0 | 5 | 121 | 121.00 | 0 | 1 |
Fine Arts - Auditory Fine Arts | 0 | 0 | 0 | 0 | 0 | 0.00 | 0 | 0 | |
Other Academic | 0 | 0 | 1 | 0 | -5 | 0.00 | 0 | 0 |